003900000a2200109000450024501300000065100270013065300150015704100140017270000230018610000300020977300410023910aUna nueva especie de pez del género Hemibrycon (Characiformes: Characidae) del alto río Atrato, Noroccidente de Colombia 4pColombialRío Atrato gHemibrycon0 aEspañol1 aRuiz C., Raquel I.1 aRomán Valencia, César1 tCaldasiamJun.h1q121-131d2007g29